000 00609nam a22001937a 4500
003 OSt
005 20140310182948.0
008 130205t xxu||||| |||| 00| 0 eng d
020 _a9789715846530
050 _aQ 175.5
_b.D37 2008
100 _a Del Rosario, Maria Nora B.
245 _aRIMSTS (really important matters for students to study) :
_b an instructional aid for science, technology, and society /
_cMaria Nora B. Del Rosario.
260 _aManila :
_bC & E Publishing,
_c2008.
300 _a247 p. :
_c22 cm.
521 _aEDU
650 _aEducation
942 _2lcc
_cBK
_kLOC
999 _c17848
_d17848